Mystery XI #22 - Statistics

General Stats
  • This quiz has been taken 235 times
  • The average score is 10 of 11
Answer Stats
Answer % Correct
Alisson
100%
Mohamed Salah
100%
Virgil van Dijk
100%
Andrew Robertson
99%
Roberto Firmino
99%
Trent Alexander-Arnold
99%
Jordan Henderson
98%
Fabinho
95%
Georginio Wijnaldum
90%
Joe Gomez
86%
Divock Origi
83%
No matching quizzes found
Score Distribution
Percent of People with Each Score
Percentile by Number Answered
Your Score History
You have not taken this quiz